Feliz Natal pequeno rei (Registo nº 4339)

Detalhes MARC
000 -Etiqueta do registo
Cabeçalho 00692nam0a2200241 4500
005 - Identificador da versão
Campo de controlo 20240813122058.0
010 ## - Número internacional normalizado dos livros (ISBN)
Número (ISBN) 9729927219
100 ## - Dados gerais de processamento
Dados gerais de processamento 20161202d2004 m y1pory5003 ba
102 ## - Pais de publicação ou produção
País de publicação Portugal
101 1# - Língua de publicação
Língua do texto, banda sonora, etc. Português
215 ## - Descrição física 
Indicação específica da natureza do documento e extensão da espécie [28] p.
Outras indicações físicas il. color
200 1# - Titulo e menção de responsabilidade
Título próprio Feliz Natal pequeno rei
Primeira menção de responsabilidade Um livro de Hartmut Bieber
Outras menções de responsabilidade trad. de Maria Celeste Sousa Alves
210 ## - Publicação, Distribuição, etc. 
Lugar da edição, distribuição, etc. [S.l.]
Nome do editor, distribuidor, etc. Arquivo
Data da publicação, distribuição, etc. cop. 2004
300 ## - Notas gerais 
Texto da nota PNL
606 ## - Nome comum usado como assunto
Número de registo de entrada de autoridade 0001576
Palavra de ordem Literatura
Subdivisão de assunto Conto
Código do sistema CA
675 ## - Classificação Decimal Universal (CDU)
Notação 82-34
Edição 3ª ed.
Língua da edição por
702 #1 - Nome de autor-pessoa física (responsabilidade secundária)
Número de registo de entrada de autoridade 0001125
Palavra de ordem Alves
Outra parte do nome não tomada para palavra de ordem Maria Celeste Sousa
Código de função Tradutor
700 #1 - Nome de autor-pessoa física (responsabilidade principal)
Número de registo de entrada de autoridade 0001124
Palavra de ordem Bieber
Outra parte do nome não tomada para palavra de ordem Hartmut
966 ## - Identificação da Biblioteca
Sigla EBVEN
942 ## - Elementos de entrada adicionados (Koha)
Tipo de item no Koha Livro
Exemplares
Situação do levantamento Origin of item (home branch) (coded) Biblioteca de empréstimo Código de barras Cota Circulation type (not for loan) Tipo de documento Nota do exemplar Damaged status
  Biblioteca Escolar das Vendas Biblioteca Escolar das Vendas BEV1574 8EST BIE PNL   Livro Sem mensagem